Villieläimet suomeksi - Statistics

Yleistilastot
  • Tätä visaa on pelattu 139 kertaa
  • Keskiarvotulos 49 / 68
Vastaustilastot
Kuvavisa Vastaus % Oikein
susi
98%
hiirvi
96%
poro
96%
siili
95%
kettu
93%
kyy
92%
karhu
91%
ilves
90%
orava
90%
rusakko
90%
joutsen
89%
lepakko
89%
hiiri
87%
sammakko
87%
etana
86%
kärppä
86%
pöllö
86%
ampiainen
85%
majava
84%
metso
84%
rotta
84%
mehiläinen
83%
sorsa
83%
villisika
82%
Liito-orava
81%
muurahainen
81%
perhonen
81%
hämähäkki
80%
huuhkaja
80%
lokki
80%
saukko
80%
ahma
78%
käärme
78%
kotka
78%
sisilisko
77%
kärpänen
76%
naali
75%
tikka
75%
harakka
74%
hyttynen
74%
mato
74%
heinäsirkka
73%
kimalainen
73%
pulu
73%
mäyrä
72%
hanhi
71%
lumikko
70%
supikoira
70%
haukka
69%
Saimaannorppa
66%
husky
65%
näätä
63%
fasaani
60%
metsajanis
60%
korppi
58%
teeri
58%
päästäinen
55%
vaskitsa
51%
pyy
50%
haikara
49%
punarinta
42%
valkohäntäpeura
40%
varpunen
38%
kovakuoriainen
28%
merimetso
24%
kiiruna
22%
kuukkeli
21%
mäkäräinen
21%
Ehtoja vastaavia visoja ei löytynyt
Tulosjakauma
Jokaisen tuloksen saaneiden osuus
Persentiili vastausten määrän mukaan
Tuloshistoriasi
Et ole pelannut tätä visaa